[Event "22nd 4NCL Congress"]
[Site "Telford"]
[Date "2019.07.21"]
[Round "4"]
[Board "24"]
[White "Ortiz Sanchez, Luis"]
[Black "Van Kemenade, Julie"]
[Result "1-0"]
[WhiteElo "1967"]
[BlackElo "1719"]
[PlyCount "55"]
[EventDate "2019.07.19"]
[EventRounds "5"]
[EventCountry "ENG"]

1. e4 d6 2. d4 Nf6 3. Nc3 c6 4. f4 Qa5 5. e5 Ne4 6. Qf3 d5 7. Bd3 Nxc3 8. Bd2
Qc7 9. Bxc3 e6 10. Ne2 Nd7 11. O-O g6 12. Bd2 b6 13. Rac1 Bb7 14. c4 c5 15.
cxd5 Bxd5 16. Be4 Qb7 17. Nc3 Bxe4 18. Nxe4 Qd5 19. dxc5 Bxc5+ 20. Be3 Bxe3+
21. Qxe3 O-O 22. Rfd1 Qxa2 23. Rxd7 Qxb2 24. Rcd1 Rfc8 25. Qh3 Kg7 26. Qh4 Rc1
27. Qf6+ Kg8 28. Qxf7+  1-0

[Event "22nd 4NCL Congress"]
[Site "Telford"]
[Date "2019.07.21"]
[Round "4"]
[Board "25"]
[White "Tarr, Steve F"]
[Black "Herring, Sam Ac"]
[Result "1-0"]
[WhiteElo "1686"]
[BlackElo "1931"]
[PlyCount "65"]
[EventDate "2019.07.19"]
[EventRounds "5"]
[EventCountry "ENG"]

1. d4 Nf6 2. Bf4 g6 3. Nc3 d5 4. e3 Bg7 5. h4 O-O 6. h5 Nxh5 7. Rxh5 gxh5 8.
Qxh5 f5 9. Qh2 Na6 10. Nf3 e6 11. O-O-O Qf6 12. Bxa6 bxa6 13. Rh1 h6 14. Ne2
Bd7 15. Be5 Qf7 16. Qg3 Rfe8 17. Rxh6 Kf8 18. Rh7 Re7 19. Bxg7+ Qxg7 20. Rxg7
Rxg7 21. Qh3 Ke7 22. g3 Rag8 23. Qh4+ Kd6 24. Qf4+ Kc6 25. Ne5+ Kb7 26. Nxd7
Rxd7 27. Qh6 Rd6 28. Qh7 Re8 29. Nc3 Kc6 30. Na4 Rd7 31. Qh5 Ree7 32. Nc5 Rd6
33. Qe2  1-0

[Event "22nd 4NCL Congress"]
[Site "Telford"]
[Date "2019.07.21"]
[Round "4"]
[Board "26"]
[White "Simpson, Derek"]
[Black "Ansari, Athar"]
[Result "0-1"]
[WhiteElo "1648"]
[BlackElo "1911"]
[PlyCount "92"]
[EventDate "2019.07.19"]
[EventRounds "5"]
[EventCountry "ENG"]

1. d4 g6 2. Nf3 Bg7 3. e3 d6 4. Be2 e6 5. O-O Ne7 6. c4 O-O 7. Nc3 Nd7 8. e4 b6
9. Be3 h6 10. Qd2 Kh7 11. Rac1 Bb7 12. Bd3 e5 13. d5 Nc5 14. Bb1 f5 15. exf5
Nxf5 16. Bxc5 bxc5 17. Ne4 Bc8 18. b4 Nd4 19. Nxd4 cxd4 20. Qd3 Bf5 21. f3 Bxe4
22. Qxe4 Qg5 23. Rc2 Rf4 24. Qd3 Raf8 25. Rcf2 h5 26. Qd2 Qe7 27. Be4 Bh6 28.
Qc2 R4f6 29. Re2 Kg7 30. Rd1 g5 31. g4 Rf4 32. h3 Qf7 33. Rf2 Kf6 34. Rd3 Rb8
35. a3 Qd7 36. Qd1 Bf8 37. Qc2 Be7 38. Qd1 Rh8 39. Qc2 Kg7 40. Rdd2 Rf6 41. Qd1
Rfh6 42. Rh2 Qe8 43. Rdf2 Qf8 44. Qd2 Qf4 45. Kh1 hxg4 46. hxg4 Rxh2+  0-1

[Event "22nd 4NCL Congress"]
[Site "Telford"]
[Date "2019.07.21"]
[Round "4"]
[Board "27"]
[White "Lewis, Christopher D"]
[Black "Tivillier, Jacques"]
[Result "0-1"]
[WhiteElo "1864"]
[BlackElo "1799"]
[PlyCount "72"]
[EventDate "2019.07.19"]
[EventRounds "5"]
[EventCountry "ENG"]

1. e4 c5 2. Nf3 d6 3. d4 cxd4 4. Nxd4 Nf6 5. Nc3 a6 6. Bg5 e6 7. f4 Be7 8. Qf3
Qc7 9. O-O-O Nbd7 10. g4 b5 11. Bd3 h6 12. Bxf6 Nxf6 13. Rhf1 Nd7 14. Qg3 b4
15. Nce2 Nc5 16. e5 dxe5 17. fxe5 Bb7 18. h4 Nxd3+ 19. Rxd3 Rc8 20. Rd2 Bd5 21.
g5 hxg5 22. hxg5 g6 23. Qf4 O-O 24. Ng1 Kg7 25. Rh2 Qc4 26. Rhf2 Qxa2 27. Qh4
Qa1+ 28. Kd2 Qxb2 29. Qh6+ Kg8 30. Nge2 b3 31. Rh2 Rxc2+ 32. Nxc2 Qxc2+ 33. Ke1
Bb4+ 34. Kf2 Qf5+ 35. Kg1 Bc5+ 36. Rhf2 Qg4+  0-1

[Event "22nd 4NCL Congress"]
[Site "Telford"]
[Date "2019.07.21"]
[Round "5"]
[Board "3"]
[White "Murphy, Conor E"]
[Black "Price, Gwilym T"]
[Result "1-0"]
[WhiteElo "2362"]
[BlackElo "2138"]
[PlyCount "83"]
[EventDate "2019.07.19"]
[EventRounds "5"]
[EventCountry "ENG"]

1. e4 c5 2. Nf3 e6 3. d4 cxd4 4. Nxd4 Nf6 5. Nc3 Nc6 6. Nxc6 bxc6 7. e5 Nd5 8.
Ne4 Qc7 9. f4 Qb6 10. c4 Bb4+ 11. Ke2 f5 12. exf6 Nxf6 13. Be3 Qd8 14. Nxf6+
Qxf6 15. Qd4 Qg6 16. c5 Ba5 17. Kf2 O-O 18. Bd3 Qg4 19. h3 Qh5 20. Rhf1 d5 21.
Qa4 e5 22. Qxa5 exf4 23. Kg1 Bxh3 24. Bxf4 Qg4 25. Qd2 Bxg2 26. Qxg2 Rxf4 27.
Qxg4 Rxg4+ 28. Kf2 Rb8 29. b3 a5 30. Bf5 Rg5 31. Ke3 Re8+ 32. Kf4 h6 33. Rg1
Rxg1 34. Rxg1 g5+ 35. Kf3 a4 36. bxa4 Ra8 37. Bd7 Rxa4 38. Bxc6 Ra3+ 39. Kg4
Kg7 40. Bxd5 Kg6 41. Bb3 h5+ 42. Kg3  1-0

[Event "22nd 4NCL Congress"]
[Site "Telford"]
[Date "2019.07.21"]
[Round "5"]
[Board "4"]
[White "Sowray, Peter J"]
[Black "Surtees, Mike J"]
[Result "1-0"]
[WhiteElo "2334"]
[BlackElo "2103"]
[PlyCount "65"]
[EventDate "2019.07.19"]
[EventRounds "5"]
[EventCountry "ENG"]

1. d4 e6 2. c4 c5 3. d5 exd5 4. cxd5 d6 5. e4 g6 6. Nc3 a6 7. a4 Bg7 8. Nge2
Nd7 9. Ng3 h5 10. Be2 h4 11. Nf1 g5 12. Ne3 Ne5 13. O-O Nh6 14. Bd2 Bd7 15. Qc2
Rc8 16. b3 Qf6 17. Nc4 Nxc4 18. bxc4 Qg6 19. Rab1 Rc7 20. Bd3 Be5 21. Ne2 Rg8
22. Ba5 Rc8 23. Rxb7 Ng4 24. Qb3 Nf6 25. Bc3 Bxc3 26. Qxc3 Qh6 27. e5 h3 28. g3
Ng4 29. Rxd7 Nxe5 30. Rb7 Qh4 31. f4 gxf4 32. Nxf4 Nf3+ 33. Rxf3  1-0

[Event "22nd 4NCL Congress"]
[Site "Telford"]
[Date "2019.07.21"]
[Round "5"]
[Board "5"]
[White "Moore, Gerald"]
[Black "Abdulla, Murad"]
[Result "0-1"]
[WhiteElo "2084"]
[BlackElo "2244"]
[PlyCount "80"]
[EventDate "2019.07.19"]
[EventRounds "5"]
[EventCountry "ENG"]

1. Nf3 c5 2. c4 Nc6 3. d4 cxd4 4. Nxd4 Qb6 5. Nb3 e6 6. Nc3 a6 7. e3 Nf6 8. Be2
Be7 9. O-O O-O 10. e4 d6 11. Be3 Qc7 12. Rc1 Bd7 13. f3 Ne5 14. Qe1 Rac8 15.
Qf2 Qb8 16. c5 Bc6 17. cxd6 Bxd6 18. Ba7 Qa8 19. Rfd1 Bc7 20. Bb6 Ng6 21. Na5
Qb8 22. Bxc7 Rxc7 23. Bf1 Rfc8 24. Nxc6 Rxc6 25. Ne2 h6 26. Rxc6 Rxc6 27. Qd4
Kh7 28. g3 Ne5 29. Kg2 Rc4 30. Qd2 b5 31. Nf4 Rc6 32. Rc1 Rd6 33. Qe3 Qd8 34.
Rc2 g5 35. Ne2 Rd3 36. Qa7 Rxf3 37. Nd4 g4 38. Rc7 Ne8 39. Nxe6 Qd2+ 40. Kg1
Nxc7  0-1

[Event "22nd 4NCL Congress"]
[Site "Telford"]
[Date "2019.07.21"]
[Round "5"]
[Board "6"]
[White "Han, Yichen"]
[Black "Penna, Tommaso"]
[Result "1-0"]
[WhiteElo "2217"]
[BlackElo "2014"]
[PlyCount "91"]
[EventDate "2019.07.19"]
[EventRounds "5"]
[EventCountry "ENG"]

1. d4 d5 2. Nf3 Nf6 3. Bf4 c5 4. e3 Nc6 5. Nbd2 e6 6. c3 Bd6 7. Bg3 O-O 8. Bd3
b6 9. Qe2 Bb7 10. Rd1 Qe7 11. Ne5 Nd7 12. f4 f6 13. Nxd7 Qxd7 14. Qh5 g6 15.
Qg4 Ne7 16. O-O a5 17. Qe2 c4 18. Bc2 b5 19. e4 b4 20. e5 fxe5 21. fxe5 Bc7 22.
Bf4 Ba6 23. a3 Nf5 24. Nf3 Bd8 25. g4 Ng7 26. Bh6 Be7 27. axb4 axb4 28. h4 Bb5
29. Bb1 Ba4 30. Rde1 Bb3 31. h5 Ba2 32. hxg6 Bxb1 33. Rxb1 hxg6 34. Qc2 Qe8 35.
Ng5 b3 36. Qh2 Bxg5 37. Bxg5 Rxf1+ 38. Rxf1 Ra2 39. Qf2 Ra7 40. Kg2 Rf7 41. Bf6
Qa4 42. Rh1 Qa2 43. Kg3 Rb7 44. Qh2 Nh5+ 45. gxh5 Rh7 46. hxg6  1-0

[Event "22nd 4NCL Congress"]
[Site "Telford"]
[Date "2019.07.21"]
[Round "5"]
[Board "7"]
[White "Gayson, Peter M"]
[Black "Adair, James R"]
[Result "1/2-1/2"]
[WhiteElo "2068"]
[BlackElo "2483"]
[PlyCount "105"]
[EventDate "2019.07.19"]
[EventRounds "5"]
[EventCountry "ENG"]

1. e4 c5 2. Nf3 d6 3. d4 cxd4 4. Nxd4 Nf6 5. Nc3 a6 6. Bc4 e6 7. O-O Be7 8. Be3
O-O 9. f3 Nc6 10. Qd2 Qc7 11. Bb3 Na5 12. Rad1 b5 13. Qf2 Nc4 14. Bxc4 Qxc4 15.
Nb3 Bd7 16. Bb6 Rab8 17. a3 e5 18. Na5 Qc8 19. Ba7 Ra8 20. Bb6 Qb8 21. Kh1 Rc8
22. Rd2 Be6 23. Rfd1 Nd7 24. Be3 b4 25. Nd5 Bd8 26. axb4 Bxd5 27. Rxd5 Bxa5 28.
bxa5 Qxb2 29. Rxd6 Nf8 30. R6d2 Ne6 31. g3 Rc4 32. Qe2 Rc3 33. Kg2 h6 34. Rf1
Nc5 35. Rf2 Qa3 36. Bxc5 Rxc5 37. Rd5 Qxa5 38. Qd3 Qc7 39. Rxc5 Qxc5 40. Qd5
Qxd5 41. exd5 Rc8 42. Rd2 f6 43. d6 Kf7 44. d7 Rd8 45. Rd6 a5 46. c4 Ke7 47.
Ra6 Rxd7 48. Rxa5 Rd2+ 49. Kg1 Rc2 50. Ra7+ Kf8 51. Rc7 Rc1+ 52. Kf2 Rc2+ 53.
Kg1  1/2-1/2

[Event "22nd 4NCL Congress"]
[Site "Telford"]
[Date "2019.07.21"]
[Round "5"]
[Board "8"]
[White "Arkell, Keith C"]
[Black "Modi, Shyam Jagdish"]
[Result "1-0"]
[WhiteElo "2461"]
[BlackElo "2098"]
[PlyCount "135"]
[EventDate "2019.07.19"]
[EventRounds "5"]
[EventCountry "ENG"]

1. d4 Nf6 2. Nf3 g6 3. c4 Bg7 4. Nc3 O-O 5. g3 d6 6. Bg2 Nbd7 7. O-O e5 8. e4
c6 9. Re1 exd4 10. Nxd4 Ng4 11. Qxg4 Bxd4 12. Qd1 Bg7 13. Qc2 Ne5 14. b3 f5 15.
Bf4 Qf6 16. Rac1 g5 17. Bxe5 Qxe5 18. exf5 Qxc3 19. Qxc3 Bxc3 20. Rxc3 Bxf5 21.
Rce3 Rf7 22. b4 Raf8 23. b5 Bd7 24. R1e2 Kg7 25. bxc6 Bxc6 26. Rd2 Bxg2 27.
Kxg2 Rc8 28. Re4 Rc6 29. Rd5 Kg6 30. h4 gxh4 31. Rg4+ Kf6 32. Rxh4 Ra6 33. Rd2
Rc6 34. Rdd4 Ke7 35. Rh6 Ra6 36. Rd2 Rc6 37. Rb2 b6 38. Re2+ Kf8 39. Rh4 Rfc7
40. Ree4 Rf7 41. Rh6 Rfc7 42. Rf4+ Kg7 43. Rhh4 h5 44. Rd4 Kg6 45. Rhe4 Rf7 46.
Rd5 Rf5 47. Re6+ Rf6 48. Re4 Rf5 49. Rxf5 Kxf5 50. Rh4 Kg5 51. Rd4 Rc5 52. Kh3
Rc6 53. f4+ Kg6 54. Kh4 Kh6 55. Rd5 Rxc4 56. Rxd6+ Kg7 57. Rd7+ Kg6 58. Rd6+
Kg7 59. Kxh5 Rc5+ 60. Kg4 Ra5 61. f5 Rxa2 62. Kg5 Ra3 63. g4 Ra5 64. Rd7+ Kf8
65. Kf6 Ke8 66. Rb7 Ra4 67. g5 Rc4 68. g6  1-0

[Event "22nd 4NCL Congress"]
[Site "Telford"]
[Date "2019.07.21"]
[Round "5"]
[Board "9"]
[White "Merry, Alan B"]
[Black "Lentzos, Ioannis"]
[Result "1-0"]
[WhiteElo "2435"]
[BlackElo "2043"]
[PlyCount "39"]
[EventDate "2019.07.19"]
[EventRounds "5"]
[EventCountry "ENG"]

1. e4 c6 2. Nc3 d5 3. Nf3 Nf6 4. e5 Ne4 5. Ne2 Qb6 6. d4 e6 7. Ng3 c5 8. Bd3
Nxg3 9. fxg3 cxd4 10. O-O Nc6 11. Qe2 h6 12. a3 Bd7 13. b4 O-O-O 14. b5 Na5 15.
Kh1 Bc5 16. a4 f6 17. Bd2 Rhf8 18. Qe1 Nc4 19. Bxc4 dxc4 20. Ba5  1-0

[Event "22nd 4NCL Congress"]
[Site "Telford"]
[Date "2019.07.21"]
[Round "5"]
[Board "10"]
[White "White, Stuart A"]
[Black "Salmons, Calum"]
[Result "1-0"]
[WhiteElo "2108"]
[BlackElo "1898"]
[PlyCount "47"]
[EventDate "2019.07.19"]
[EventRounds "5"]
[EventCountry "ENG"]

1. d4 Nf6 2. c4 e6 3. Nf3 c6 4. g3 d5 5. Bg2 Bd6 6. O-O O-O 7. Qc2 Nbd7 8. Rd1
Re8 9. Nbd2 h6 10. e4 Nxe4 11. Nxe4 dxe4 12. Qxe4 Qc7 13. c5 Be7 14. Bf4 Qd8
15. Qe2 Nf6 16. Ne5 Nd5 17. Bxh6 gxh6 18. Qg4+ Bg5 19. h4 f5 20. Qh5 Qf6 21.
Qxe8+ Kg7 22. hxg5 hxg5 23. Bxd5 exd5 24. Re1  1-0

[Event "22nd 4NCL Congress"]
[Site "Telford"]
[Date "2019.07.21"]
[Round "5"]
[Board "11"]
[White "Rushbrooke, Remy"]
[Black "Ratnesan, Ranesh"]
[Result "0-1"]
[WhiteElo "1963"]
[BlackElo "2080"]
[PlyCount "110"]
[EventDate "2019.07.19"]
[EventRounds "5"]
[EventCountry "ENG"]

1. d4 d5 2. Nc3 Nf6 3. Bg5 Nbd7 4. e3 g6 5. Bd3 Bg7 6. f4 c5 7. Nf3 O-O 8. O-O
b6 9. Ne5 Bb7 10. Qe1 Ne4 11. Nxe4 dxe4 12. Bc4 cxd4 13. Qh4 Nxe5 14. fxe5 Qc7
15. Bb3 Bxe5 16. Bxe7 Kg7 17. Bf6+ Kg8 18. exd4 Bxf6 19. Qxf6 Rad8 20. h4 Rd6
21. Qe5 Rd7 22. Qxc7 Rxc7 23. d5 Rd8 24. Rad1 Rd6 25. g4 b5 26. Rd4 Re7 27. Re1
f5 28. gxf5 gxf5 29. a4 a6 30. axb5 axb5 31. Rb4 Ba6 32. Kf2 Rg7 33. Ke3 Kf7
34. Kd4 Kf6 35. Rf1 Rf7 36. Rg1 Rf8 37. h5 Re8 38. h6 f4 39. Kc5 Rd7 40. d6
Rc8+ 41. Kd4 Kf5 42. Be6+ Kxe6 43. Kxe4 Rf8 44. Kf3 Bb7+ 45. Kf2 Rxd6 46. Rxb5
Bc6 47. Re1+ Kd7 48. Rg5 Rxh6 49. Rg7+ Kd6 50. Rd1+ Kc5 51. Rg5+ Kb6 52. Rd3
Rf7 53. Rb3+ Kc7 54. Ra5 Rh2+ 55. Kf1 Rd7  0-1

[Event "22nd 4NCL Congress"]
[Site "Telford"]
[Date "2019.07.21"]
[Round "5"]
[Board "12"]
[White "Agnew, Alan"]
[Black "Hosdurga, Chirag"]
[Result "1-0"]
[WhiteElo "2048"]
[BlackElo "1926"]
[PlyCount "140"]
[EventDate "2019.07.19"]
[EventRounds "5"]
[EventCountry "ENG"]

1. d4 Nf6 2. c4 g6 3. Nc3 Bg7 4. e4 d6 5. Nf3 O-O 6. Be2 e5 7. O-O Nc6 8. d5
Ne7 9. Ne1 Nd7 10. Nd3 f5 11. Bd2 Nf6 12. f3 f4 13. c5 g5 14. Rc1 Ng6 15. cxd6
cxd6 16. Nb5 Rf7 17. Qc2 Ne8 18. a4 h5 19. Nf2 Bd7 20. Qb3 Bf8 21. h3 Rg7 22.
Rc2 a6 23. Na3 Nh4 24. Be1 Nf6 25. a5 Rc8 26. Rxc8 Bxc8 27. Nc4 g4 28. hxg4
hxg4 29. fxg4 Nxg4 30. Nxg4 Bxg4 31. Bxg4 Rxg4 32. Qh3 Qg5 33. Bxh4 Rxh4 34.
Qe6+ Kg7 35. Ne3 Kh8 36. Rf3 Rh6 37. Qc8 Kg8 38. Qg4 Qxg4 39. Nxg4 Rg6 40. Nh2
Rg7 41. Rc3 Kf7 42. Nf3 Ke7 43. Rc7+ Kd8 44. Rxg7 Bxg7 45. Kf2 Kc7 46. Ng5 Bf6
47. Ne6+ Kc8 48. g3 b6 49. axb6 Kb7 50. g4 Kxb6 51. g5 Bh8 52. g6 Kb5 53. g7
Bxg7 54. Nxg7 a5 55. Nf5 Kb4 56. Nxd6 Kb3 57. Nb5 Kxb2 58. d6 a4 59. d7 a3 60.
Nxa3 Kxa3 61. d8=Q Kb4 62. Qc7 Kb5 63. Qxe5+ Kc4 64. Qxf4 Kc3 65. e5 Kd3 66. e6
Kc3 67. e7 Kd3 68. e8=R Kc3 69. Qd6 Kb3 70. Qc5 Kb2  1-0

[Event "22nd 4NCL Congress"]
[Site "Telford"]
[Date "2019.07.21"]
[Round "5"]
[Board "13"]
[White "Forster, Matthew"]
[Black "Duncan, Patrick Cm"]
[Result "0-1"]
[WhiteElo "1825"]
[BlackElo "2018"]
[PlyCount "86"]
[EventDate "2019.07.19"]
[EventRounds "5"]
[EventCountry "ENG"]

1. c4 Nf6 2. g3 c6 3. Bg2 d5 4. Nf3 Bf5 5. O-O e6 6. d4 Be7 7. b3 O-O 8. Bb2
Nbd7 9. Nbd2 h6 10. Re1 a5 11. Nh4 Bh7 12. e4 Nxe4 13. Nxe4 Bxh4 14. cxd5 cxd5
15. gxh4 dxe4 16. Bxe4 Bxe4 17. Rxe4 Nf6 18. Re3 Nd5 19. Rg3 Qxh4 20. Kh1 Qe4+
21. f3 Qf5 22. Qd2 g5 23. Re1 f6 24. Re4 Kf7 25. Qe2 b6 26. Qb5 Rfd8 27. Re1
Rac8 28. Rc1 Rxc1+ 29. Bxc1 Qc2 30. Rg1 Kg6 31. a4 Kf7 32. h4 Qc3 33. Kg2 Qc2+
34. Kh1 Qf5 35. Kg2 gxh4 36. Kh2 Ne7 37. Qxb6 Rc8 38. Be3 Qxf3 39. Bd2 Rc2 40.
Qxa5 Qf4+ 41. Kh3 Rxd2 42. Qh5+ Kf8 43. Rg8+ Nxg8  0-1

[Event "22nd 4NCL Congress"]
[Site "Telford"]
[Date "2019.07.21"]
[Round "5"]
[Board "14"]
[White "Modi, Kishan J"]
[Black "Staples, Daniel J"]
[Result "1-0"]
[WhiteElo "1923"]
[BlackElo "1992"]
[PlyCount "53"]
[EventDate "2019.07.19"]
[EventRounds "5"]
[EventCountry "ENG"]

1. e4 e6 2. d4 d5 3. Nc3 Nf6 4. e5 Nfd7 5. f4 c5 6. Nf3 Nc6 7. Be3 a6 8. Qd2 b5
9. dxc5 Bxc5 10. Bd3 d4 11. Nxd4 Bxd4 12. Bxd4 Nxd4 13. Be4 Nxc2+ 14. Qxc2 Ra7
15. O-O Qb6+ 16. Kh1 Bb7 17. Rad1 b4 18. Ne2 Bxe4 19. Qxe4 O-O 20. Rd6 Qa5 21.
Rfd1 Nc5 22. Qd4 Rc7 23. Ng3 g6 24. h4 Nb7 25. Ne4 f5 26. Nf6+ Kh8 27. Rxe6  1-0

[Event "22nd 4NCL Congress"]
[Site "Telford"]
[Date "2019.07.21"]
[Round "5"]
[Board "15"]
[White "Ther, Mate"]
[Black "Davis, Lee"]
[Result "1/2-1/2"]
[WhiteElo "1970"]
[BlackElo "1937"]
[PlyCount "81"]
[EventDate "2019.07.19"]
[EventRounds "5"]
[EventCountry "ENG"]

1. e4 g6 2. d4 d6 3. Nf3 Bg7 4. c4 Nf6 5. Nc3 O-O 6. h3 Nc6 7. Be3 h6 8. Qd2
Kh7 9. Bd3 e5 10. d5 Ne7 11. g4 c6 12. g5 Nfg8 13. gxh6 Bxh6 14. Ng5+ Kg7 15.
O-O-O cxd5 16. cxd5 Bd7 17. h4 Rc8 18. h5 f5 19. Ne6+ Bxe6 20. Bxh6+ Nxh6 21.
hxg6 f4 22. dxe6 d5 23. exd5 Nxd5 24. Qe1 Nxc3 25. Qxe5+ Qf6 26. Qxf6+ Rxf6 27.
bxc3 Rxe6 28. Bc2 Rc7 29. Rh4 Rec6 30. Rxf4 Rxc3 31. Rd2 Ng8 32. Kb2 Nf6 33.
Ra4 a6 34. Rad4 R3c5 35. a4 b5 36. axb5 Rxb5+ 37. Kc1 Rbc5 38. Kd1 a5 39. f4
Rh5 40. Re2 Rd5 41. Rxd5  1/2-1/2

[Event "22nd 4NCL Congress"]
[Site "Telford"]
[Date "2019.07.21"]
[Round "5"]
[Board "16"]
[White "Blake, J Morgan"]
[Black "Jones, Tibor T"]
[Result "1-0"]
[WhiteElo "1976"]
[BlackElo "1857"]
[PlyCount "93"]
[EventDate "2019.07.19"]
[EventRounds "5"]
[EventCountry "ENG"]

1. e4 c5 2. Nf3 Nc6 3. Bb5 e6 4. Bxc6 bxc6 5. O-O Ne7 6. Nc3 Ng6 7. d3 e5 8.
Ne2 d6 9. Ne1 f5 10. exf5 Bxf5 11. f4 Qd7 12. fxe5 Nxe5 13. d4 cxd4 14. Ng3 Bg4
15. Qxd4 Be7 16. h3 Be6 17. Nh5 O-O-O 18. Nf4 Bf5 19. Ned3 Bf6 20. Qa4 Rde8 21.
Bd2 h5 22. Bc3 g5 23. Ng6 Bxd3 24. cxd3 Rhg8 25. Rxf6 Nxg6 26. Qd4 Re6 27. Rxe6
Qxe6 28. Qxa7 Qd5 29. Ba5 Qc5+ 30. Qxc5 dxc5 31. Rc1 Nf4 32. Rxc5 Kd7 33. Rc4
Ra8 34. b4 Kd6 35. h4 Nd5 36. hxg5 Rg8 37. a4 Rxg5 38. Re4 Nc3 39. Rd4+ Nd5 40.
Bb6 Ke5 41. Re4+ Kf5 42. a5 Rg7 43. Bd4 Rb7 44. Bc5 Rg7 45. Be3 Nxe3 46. Rxe3
Ra7 47. d4  1-0

[Event "22nd 4NCL Congress"]
[Site "Telford"]
[Date "2019.07.21"]
[Round "5"]
[Board "17"]
[White "Seymour, Timothy P"]
[Black "Ireland, David J"]
[Result "1-0"]
[WhiteElo "2129"]
[BlackElo "1966"]
[PlyCount "57"]
[EventDate "2019.07.19"]
[EventRounds "5"]
[EventCountry "ENG"]

1. d4 Nf6 2. Nf3 c5 3. d5 b5 4. Bg5 d6 5. Bxf6 gxf6 6. e4 Qb6 7. Nbd2 Ba6 8. c3
Nd7 9. a4 b4 10. a5 Qb7 11. Nc4 f5 12. e5 Bxc4 13. Bxc4 Nxe5 14. Nxe5 dxe5 15.
Qe2 Bg7 16. Bb5+ Kf8 17. Bc6 Qc8 18. Bxa8 Qxa8 19. O-O bxc3 20. bxc3 e4 21. Qc4
Qc8 22. Rab1 Be5 23. a6 Bc7 24. Rb7 Qd8 25. Qxc5 Bb6 26. Qc6 Rg8 27. Qh6+ Rg7
28. Rd1 Kg8 29. Qf4  1-0

[Event "22nd 4NCL Congress"]
[Site "Telford"]
[Date "2019.07.21"]
[Round "5"]
[Board "18"]
[White "Sagues, Vincent"]
[Black "Walton, Alan J"]
[Result "1/2-1/2"]
[WhiteElo "1958"]
[BlackElo "2123"]
[PlyCount "40"]
[EventDate "2019.07.19"]
[EventRounds "5"]
[EventCountry "ENG"]

1. e4 e6 2. d4 d5 3. Nd2 Be7 4. Bd3 Nf6 5. e5 Nfd7 6. Ne2 c5 7. c3 Nc6 8. Nf3
g5 9. dxc5 g4 10. Nfd4 Ndxe5 11. Nxc6 bxc6 12. Be3 a5 13. Bd4 Nxd3+ 14. Qxd3
Bf6 15. Qe3 Qe7 16. Bxf6 Qxf6 17. O-O Ba6 18. f4 Rb8 19. b3 O-O 20. Rfe1 Bxe2
 1/2-1/2

[Event "22nd 4NCL Congress"]
[Site "Telford"]
[Date "2019.07.21"]
[Round "5"]
[Board "19"]
[White "Baxter, Harry"]
[Black "Ortiz Sanchez, Luis"]
[Result "0-1"]
[WhiteElo "1864"]
[BlackElo "1967"]
[PlyCount "86"]
[EventDate "2019.07.19"]
[EventRounds "5"]
[EventCountry "ENG"]

1. Nf3 f5 2. d4 Nf6 3. g3 g6 4. Bg2 Bg7 5. c4 O-O 6. Nc3 d6 7. O-O c6 8. d5 e5
9. dxe6 Bxe6 10. Qa4 Kh8 11. Rd1 Qe7 12. Bf4 Rd8 13. Rd2 Na6 14. Rad1 Nc5 15.
Qa3 Nce4 16. Bxd6 Rxd6 17. Rxd6 Nxd6 18. Qxd6 Qxd6 19. Rxd6 Bxc4 20. Ne5 Bg8
21. f4 Re8 22. Kf2 Be6 23. h3 Bf8 24. Rd1 Be7 25. a3 Kg8 26. Bf3 Rd8 27. Rxd8+
Bxd8 28. g4 Bc7 29. Kg3 g5 30. e3 Bxe5 31. gxf5 gxf4+ 32. exf4 Bxc3 33. fxe6
Bxb2 34. f5 Bxa3 35. Kf4 Kf8 36. Kg5 Ke7 37. Kh6 a5 38. Kg7 Bc1 39. h4 a4 40.
Bd1 b5 41. h5 h6 42. Kh8 a3 43. Bb3 c5  0-1

[Event "22nd 4NCL Congress"]
[Site "Telford"]
[Date "2019.07.21"]
[Round "5"]
[Board "20"]
[White "Ansari, Athar"]
[Black "Tarr, Steve F"]
[Result "1-0"]
[WhiteElo "1911"]
[BlackElo "1686"]
[PlyCount "123"]
[EventDate "2019.07.19"]
[EventRounds "5"]
[EventCountry "ENG"]

1. g3 d5 2. Bg2 Nf6 3. Nf3 g6 4. b4 Bg7 5. Bb2 O-O 6. O-O b6 7. d3 Bb7 8. Nbd2
Nbd7 9. c4 c5 10. b5 d4 11. a4 Qc7 12. a5 e5 13. a6 Bxf3 14. Bxf3 Rad8 15. Qc2
Rfe8 16. e4 Nf8 17. Be2 Qd7 18. Bc1 Qh3 19. f4 Bh6 20. fxe5 Be3+ 21. Kh1 Ng4
22. Bxg4 Qxg4 23. Nf3 Nd7 24. Bxe3 dxe3 25. Rae1 Nxe5 26. Nxe5 Rxe5 27. Rxe3
Rd4 28. Qf2 Qd7 29. Qf4 Re7 30. Rff3 Re5 31. Qh4 Re7 32. g4 Qd6 33. g5 Qe5 34.
Rf6 Rdd7 35. Rh3 Qa1+ 36. Kg2 Qb2+ 37. Rf2 Qg7 38. Qg3 Qe5 39. Qxe5 Rxe5 40.
Rg3 Rd4 41. Kf1 Kg7 42. Ke2 Re7 43. Rf4 Re6 44. Rh4 Re5 45. Rf4 Re6 46. Rgf3
Re7 47. Rf6 Red7 48. Rc6 h5 49. h4 R4d6 50. Rc8 Rd8 51. Rxd8 Rxd8 52. Rf6 Kf8
53. Rc6 Ke7 54. Ke3 Rd7 55. Rc8 Rd6 56. Rc7+ Rd7 57. Rxd7+ Kxd7 58. e5 Ke7 59.
d4 cxd4+ 60. Kxd4 Kd8 61. c5 bxc5+ 62. Kxc5  1-0

[Event "22nd 4NCL Congress"]
[Site "Telford"]
[Date "2019.07.21"]
[Round "5"]
[Board "21"]
[White "Tivillier, Jacques"]
[Black "Van Kemenade, Rudy"]
[Result "1-0"]
[WhiteElo "1799"]
[BlackElo "1941"]
[PlyCount "59"]
[EventDate "2019.07.19"]
[EventRounds "5"]
[EventCountry "ENG"]

1. e4 e5 2. Nf3 Nf6 3. Nxe5 d6 4. Nf3 Nxe4 5. Nc3 d5 6. Qe2 Be7 7. Nxe4 dxe4 8.
Qxe4 O-O 9. Bd3 g6 10. O-O Nc6 11. Qa4 Nb4 12. Be2 Bf5 13. d3 a6 14. a3 b5 15.
Qb3 Be6 16. c4 Nc6 17. Qc2 bxc4 18. dxc4 Bf5 19. Qa4 Nd4 20. Nxd4 Qxd4 21. Bh6
Rfe8 22. Bf3 Rab8 23. Rfe1 Be6 24. b4 Qxc4 25. Re4 Qb5 26. Qxb5 axb5 27. Bf4
Bd5 28. Rxe7 Rxe7 29. Bxd5 Rd8 30. Bg5  1-0

[Event "22nd 4NCL Congress"]
[Site "Telford"]
[Date "2019.07.21"]
[Round "5"]
[Board "22"]
[White "Kan, Toby"]
[Black "Gorgun, Aliriza Atif"]
[Result "1/2-1/2"]
[WhiteElo "1702"]
[BlackElo "1862"]
[PlyCount "60"]
[EventDate "2019.07.19"]
[EventRounds "5"]
[EventCountry "ENG"]

1. e4 d6 2. d4 Nf6 3. Nc3 g6 4. Bg5 Bg7 5. Qd2 h6 6. Bh4 g5 7. Bg3 Nh5 8. O-O-O
Nc6 9. Nge2 e6 10. Kb1 Bd7 11. f3 Nxg3 12. hxg3 Qe7 13. Nb5 O-O-O 14. d5 exd5
15. exd5 Ne5 16. Ned4 a6 17. Na3 Rde8 18. Qa5 Qf6 19. c3 Qg6+ 20. Ka1 f5 21.
Nab5 Bxb5 22. Nxb5 axb5 23. Qa8+ Kd7 24. Bxb5+ Ke7 25. Bxe8 Qxe8 26. Qxb7 Qb8
27. Qxb8 Rxb8 28. Rhe1 Kf7 29. Re2 Nc4 30. Rd3 Be5  1/2-1/2

[Event "22nd 4NCL Congress"]
[Site "Telford"]
[Date "2019.07.21"]
[Round "5"]
[Board "23"]
[White "Ross, Stuart"]
[Black "Somton, Anita"]
[Result "0-1"]
[WhiteElo "1635"]
[BlackElo "1832"]
[PlyCount "118"]
[EventDate "2019.07.19"]
[EventRounds "5"]
[EventCountry "ENG"]

1. e4 c6 2. d4 d5 3. Nc3 dxe4 4. Nxe4 Bf5 5. Ng3 Bg6 6. h4 h6 7. Nf3 Nd7 8. h5
Bh7 9. Bd3 Bxd3 10. Qxd3 e6 11. Bd2 Ngf6 12. O-O-O Be7 13. Kb1 Qb6 14. Rhe1
O-O-O 15. Qe2 Ba3 16. Bc1 Bb4 17. c3 Bxc3 18. Rh1 Nd5 19. Ka1 Bb4 20. Bd2 N7f6
21. Ne5 Rhf8 22. Nc4 Qc7 23. Bxb4 Nxb4 24. Ne4 Nxe4 25. Qxe4 Rd5 26. a3 Na6 27.
g4 Rfd8 28. Ne3 R5d7 29. Rhe1 Qb6 30. Qe5 Rg8 31. f4 Qd8 32. f5 Nc7 33. fxe6
fxe6 34. a4 Re8 35. Qc5 Kb8 36. Qe5 Ka8 37. Qa5 Na6 38. Qc3 Qg5 39. Qc4 Nc7 40.
Rd3 Red8 41. Red1 Nd5 42. Qb3 Nf4 43. R3d2 c5 44. Qc3 Nd5 45. Nxd5 Rxd5 46. Rc2
a6 47. Qf3 cxd4 48. Rdc1 d3 49. Rc8+ Ka7 50. Qf2+ Rd4 51. Rxd8 Qxd8 52. Rc4 e5
53. Rxd4 Qxd4 54. Qxd4+ exd4 55. Kb1 Kb6 56. b4 a5 57. b5 Kc5 58. Kc1 Kc4 59.
Kd2 b6  0-1